| 000 | 00584nam a2200181Ia 4500 | ||
|---|---|---|---|
| 008 | 151202s9999||||xx |||||||||||||| ||und|| | ||
| 082 | _bPNVM-73372 | ||
| 100 | _aढवळे विजय. | ||
| 245 | _aकॅनेडियन मिसळ. | ||
| 260 | _b"नवचैतन्य प्रकाशन,बोरोवली." | ||
| 260 | _c73372 | ||
| 300 | _a247 | ||
| 600 | _aढवळे विजय. | ||
| 630 | _aकॅनेडियन मिसळ. | ||
| 700 | _aढवळे विजय. | ||
| 730 | _aकॅनेडियन मिसळ. | ||
| 942 | _cBOOK | ||
| 999 |
_c1340037 _d1340034 |
||